Finance of International Trade with Revision Question & Answers (Record no. 3869)

MARC details
000 -LEADER
fixed length control field 00426nam a22001577a 4500
008 - FIXED-LENGTH DATA ELEMENTS--GENERAL INFORMATION
fixed length control field 250617b |||||||| |||| 00| 0 eng d
020 ## - INTERNATIONAL STANDARD BOOK NUMBER
ISBN 9783720325
100 ## - MAIN ENTRY--AUTHOR
Author Odekunle, adefutu
245 ## - TITLE STATEMENT
Title Finance of International Trade with Revision Question & Answers
250 ## - EDITION STATEMENT
Edition statement 4th
260 ## - PUBLICATION, DISTRIBUTION, ETC. (IMPRINT)
Place of publication Nigeria
Name of publisher WinWord Associates
Date of publication 2021
300 ## - COLLATION
Pagination 394p
650 ## - TRACINGS
Main Subject Foreign exchange
942 ## - ADDED ENTRY ELEMENTS (KOHA)
Item type Books
050 ## - LIBRARY OF CONGRESS CALL NUMBER
Classification number HG 3851
Item number .O 34
Holdings
Source of classification or shelving scheme Not for loan Permanent location Current location Date acquired Accession No. Full call number Barcode. Koha item type
Library of Congress Classification   Samuel Ogbemudia Main Library, University of Abuja Samuel Ogbemudia Main Library, University of Abuja 06/17/2025 2023/61661 HG 3851.O 34 2025-2551 Books